000 00898nam a2200289Ia 4500
001 Para_7631
003 CHAP
008 220125s1985 xx 000 0 und d
010 _a206525
040 _cCHAP
082 _aPA 632.7063 S5 1984
111 _aSimposio Nacional de Parasitología Agrícola (11: 1984: Querétaro, Qro.)
_9106338
245 _aMemoria /
_c por Ingenieros Agrónomos Parasitólogos
260 _aMéxico. La asociación
300 _a255 p.
650 _aAgricultura
_x plagas
_xCongresos
_9164527
650 _aControl de plagas
_927595
650 _aPesticidas
_x efecto en medio ambiente
_9164039
710 _aIngenieros Agrónomos Parasitólogos
_9165223
901 _aPA 632.7063 S5 1984
902 _aA
905 _a0000001985 n 0000000000 00
910 _a1985
942 _cPARA
942 _cPARA
_d1
999 _c206525
_d206525